MAASAI MARA UNIVERSITY

LIBRARY CATALOGUE

Contact Us: +254 020 2685356/7 or 0774 057787

Box: 861-20500, NAROK, KENYA

Email: info@mmarau.ac.ke

_The classroom reading program in the elementary school assessment,orgarnization and management J.David Cooper (Record no. 13349)

MARC details
000 -LEADER
fixed length control field 00507nam a2200157Ia 4500
008 - FIXED-LENGTH DATA ELEMENTS--GENERAL INFORMATION
fixed length control field 151021s9999 xx 000 0 und d
020 ## - INTERNATIONAL STANDARD BOOK NUMBER
International Standard Book Number 002324660x
050 ## - LIBRARY OF CONGRESS CALL NUMBER
Classification number LB 1573 .C5563 1983
245 ## - TITLE STATEMENT
Title _The classroom reading program in the elementary school assessment,orgarnization and management J.David Cooper
260 ## - PUBLICATION, DISTRIBUTION, ETC. (IMPRINT)
Place of publication, distribution, etc. New York Macmillan 1983
300 ## - PHYSICAL DESCRIPTION
Extent xiv,302p.;ill
500 ## - GENERAL NOTE
General note Includes index.
500 ## - GENERAL NOTE
General note Includes index.
650 ## - SUBJECT ADDED ENTRY--TOPICAL TERM
Topical term or geographic name as entry element _Reading
980 ## - EQUIVALENCE OR CROSS-REFERENCE-SERIES STATEMENT--PERSONAL NAME/TITLE [LOCAL, CANADA]
Personal name ^d20130515 04:47:26^oanne

No items available.

© 2016 Maasai Mara University.